| 000 | 01013nam a2200253 a 4500 | ||
|---|---|---|---|
| 001 | 83520 | ||
| 003 | BD-RjUL | ||
| 005 | 20240417113528.0 | ||
| 008 | 240417s1997 bg a|||| m||| 00| 0 eng d | ||
| 035 | _a(BD-RjUL)83520 | ||
| 040 |
_aBD-RjUL _beng _cBD-RjUL _dBD-RjUL |
||
| 041 | _aeng | ||
| 082 |
_223 _a539.7 _bHOD 1997 |
||
| 100 |
_aHossain, Md. Mosharraf _98069 |
||
| 245 | 1 | 0 |
_aDesign PC (Personal Computer) Based Oprical Density Meter for Radiation Protection and Quality Control of Diagnostic X-Ray / _cBy Md. Mosharraf Hossain ; _6Supervisor : M. Mozammel Haque, Md. Rokon Uddin |
| 260 |
_aRajshahi : _bDepartment of Physics, University of Rajshah, _c1997 |
||
| 300 |
_aviii, 77 Leaves : _bill, ; _c29 cm. |
||
| 502 | _aThesis (M. Phil.) -- Department of Physics, University of Rajshah, 1997 | ||
| 504 | _aReferences : Leaves [01]-05 | ||
| 650 |
_aPhysics _vModern Physics _96744 |
||
| 700 |
_aHaque, M. Mozammel, Supervisor _912322 |
||
| 700 |
_aUddin, Md. Rokon, Supervisor _912550 |
||
| 942 |
_2ddc _cTHE |
||
| 999 |
_c83520 _d83520 |
||